Todo lo que usted debe saber sobre: Arte y Literatura

Gorde:
Xehetasun bibliografikoak
Egile nagusia: Alvarez del Real, María Eloísa (Egilea)
Formatua: Liburua
Hizkuntza:gaztelania
Argitaratua: Ciudad de Panamá América 1990
Saila:Tomo 1
Gaiak:
Etiketak: Etiketa erantsi
Etiketarik gabe, Izan zaitez lehena erregistro honi etiketa jartzen!

MARC

LEADER 00000nam a2200000 a 4500
001 UCH6025
003 CL-VaPUC
008 091109e19900000PN |||||||||||||||||spa|d
020 |a 0944499678 
082 0 4 |a 709  |b ALV  |2 21 
100 0 |a Alvarez del Real, María Eloísa  |e author  |9 542414 
245 1 0 |a Todo lo que usted debe saber sobre: Arte y Literatura 
300 |a 240 p 
942 |c BK 
945 |d 20091109 00:00:00  |a ccalabra 
260 |a Ciudad de Panamá  |b América  |c 1990 
650 0 |a Historia del arte  |9 314877 
650 0 |a Historia de la literatura  |9 322206 
650 0 |a Arte gótico  |9 265512 
650 0 |a Estilos literarios  |9 310538 
650 0 |a Arte barroco  |9 265546 
650 0 |a Estilos artísticos  |9 340996 
650 0 |a Artistas   |9 262026 
583 |a last modification  |c 20091109 00:00:00  |k Rodrigo Vera 
490 0 |a Tomo 1 
999 |c 337005  |d 337003